000 00853nas a2200277 4500
001 BR2013010138
003 BR-BrBNA
005 20231205123404.0
007 ta
008 230509b bl.|||p| |||| 00| 00por d
040 _aBR-BrBNA
_bpor
_cBiblioteca Nacional de Agricultura
041 _a(Pt)
072 _aH10
100 1 _aJanuário, A.B.S.
100 1 _aPeres Filho, O.
100 1 _aDorval, A.
100 1 _aSouza, M.D.
100 1 _aSilva, M.M.
245 1 _aAnálise faunística de lepidópteros em comunidades naturais no município de Cotriguaçu-MT, Brasil
650 _aLEPDOPTERO
650 _aPRAGA DE PLANTA
650 _aARMADILHA LUMINOSA
773 0 _tRevista de Agricultura (Brazil)
_xISSN 0034-7655
_g(Sep 2013), v. 88(2) p. 121-138
_wBR2013010138
909 _a202311
_bLúcia
_c55
_dLúcia Elande
942 _2AGRIS
_n0
_cANA
999 _c233635
_d233635